No in various languages - Statistics

General Stats
  • This quiz has been taken 519 times
    489 since last reset
  • The average score is 10 of 17
Answer Stats
Hint Answer % Correct
English No
100%
Italian No
100%
Spanish No
100%
Czech No
100%
German Nein
86%
French Non
79%
Latin Non
79%
Russian Njet
67%
Polish Nie
65%
Portuguese Não
39%
Danish Nej
36%
Swedish Nej
36%
Dutch Nee
34%
Chinese bu
20%
Greek Ochi
12%
Hindi Nahi
10%
Ukrainian Nemaye
4%
No matching quizzes found
Score Distribution
Percent of People with Each Score
Percentile by Number Answered
Your Score History
You have not taken this quiz since the last reset